000 005230000a22001810004500
003 MACL
005 20160324155912.0
008 160324b xxu||||| |||| 00| 0 eng d
040 _aMACL
_cMACL
041 _aHindi
082 _a294
100 _aडॉ वेदवती वैदि‍क
_948395
245 _aउपनिषदों के ऋषि
260 _bअनुराग प्रकाशन
_c2000
_aदिल्‍ली
350 _a200
650 _aReligion
_948396
942 _cHIN
_k294.592
_2ddc
999 _c11539
_d11539